[Event "Madrid ch - Previa A"]
[Site "Madrid ESP"]
[Date "2007.11.02"]
[Round "1.1"]
[White "Esquivias Gomez, Francisco J"]
[Black "Algaba Traspuesto, Jose Antonio"]
[Result "1-0"]
[WhiteElo "2021"]
[BlackElo "1828"]
[PlyCount "87"]
[EventDate "2007.11.01"]
[EventType "swiss"]
[EventRounds "9"]
[EventCountry "ESP"]
[Source "lmi"]
[SourceDate "2007.11.01"]

1. e4 c6 2. d4 d5 3. exd5 cxd5 4. Bd3 Nc6 5. c3 Nf6 6. Bf4 Bg4 7. Qb3 Qc8 8.
Nd2 e6 9. Ngf3 Be7 10. O-O O-O 11. Ne5 Nxe5 12. dxe5 Nd7 13. Qc2 f5 14. exf6
Nxf6 15. Be5 Bf5 16. Bxf5 exf5 17. Qb3 Qc6 18. Nf3 Kh8 19. Rad1 Rad8 20. Nd4
Qd7 21. Rfe1 a6 22. Qc2 g6 23. Qc1 Rf7 24. Nf3 Kg8 25. c4 Qc6 26. Ng5 Rff8 27.
Bxf6 Bxf6 28. Ne6 dxc4 29. Nxd8 Bxd8 30. Rd4 b5 31. Red1 Bb6 32. Rd5 Re8 33.
Qd2 Qc7 34. Rd7 Qe5 35. g3 Qe4 36. Qc3 Re7 37. Rxe7 Qxe7 38. Re1 Qd7 39. Qf3
Kg7 40. Rd1 Qe7 41. Qc6 Bxf2+ 42. Kxf2 Qb4 43. Qd7+ Kh6 44. Qd2+ 1-0

[Event "Madrid ch - Previa A"]
[Site "Madrid ESP"]
[Date "2007.11.02"]
[Round "1.2"]
[White "Fariñas Lucas, Juan Antonio"]
[Black "Cabañas Bravo, Juan Andres"]
[Result "0-1"]
[WhiteElo "1827"]
[BlackElo "2004"]
[PlyCount "39"]
[EventDate "2007.11.01"]
[EventType "swiss"]
[EventRounds "9"]
[EventCountry "ESP"]
[Source "lmi"]
[SourceDate "2007.11.01"]

1. e4 c5 2. Nf3 Qa5 3. Nc3 e6 4. d4 Nf6 5. e5 Ne4 6. Bd2 Nxd2 7. Qxd2 cxd4 8.
Qxd4 Nc6 9. Qe3 Bb4 10. Bc4 b5 11. Bb3 Bb7 12. O-O Bxc3 13. bxc3 Ne7 14. Rfe1
Rc8 15. Qg5 Qxc3 16. Qxg7 Rg8 17. Qf6 Qxf3 18. Qxf3 Bxf3 19. g3 Nf5 20. Rad1
0-1

[Event "Madrid ch - Previa A"]
[Site "Madrid ESP"]
[Date "2007.11.02"]
[Round "1.3"]
[White "Tejedor Ariza, Francisco"]
[Black "Fernandez Martinez, Jose"]
[Result "1-0"]
[WhiteElo "1987"]
[BlackElo "1822"]
[PlyCount "117"]
[EventDate "2007.11.01"]
[EventType "swiss"]
[EventRounds "9"]
[EventCountry "ESP"]
[Source "lmi"]
[SourceDate "2007.11.01"]

1. e4 e5 2. Nf3 Nc6 3. Bc4 Bc5 4. c3 Nf6 5. d3 O-O 6. O-O d6 7. Bb3 h6 8. h3 a6
9. Bc2 Re8 10. d4 exd4 11. cxd4 Bb6 12. Nc3 Bd7 13. Re1 Re7 14. e5 dxe5 15.
dxe5 Nh7 16. Nd5 Re8 17. Nxb6 cxb6 18. Qd3 Nf8 19. a3 Be6 20. Qe2 Qc7 21. Bf4
Rad8 22. Rac1 Qe7 23. g4 Bd5 24. Be4 Bxe4 25. Qxe4 Ne6 26. Bg3 Ng5 27. Nxg5
Qxg5 28. f4 Qe7 29. Bf2 b5 30. Bc5 Qe6 31. Re3 f6 32. Rce1 fxe5 33. fxe5 Rd5
34. Bd6 Nd8 35. Rd3 Rxd3 36. Qxd3 Nf7 37. Bc7 Qc4 38. Qxc4 bxc4 39. Kg2 Re6 40.
h4 Rc6 41. Ba5 b5 42. Kf3 Re6 43. Kf4 g6 44. Bc3 Nd8 45. Ke4 Kf7 46. Kd5 Ke7
47. Rf1 Nc6 48. Rf6 Nd8 49. Bb4+ Kd7 50. Rf8 Re8 51. Rxe8 Kxe8 52. e6 Nb7 53.
Bd2 h5 54. g5 Nd8 55. Bb4 Nb7 56. Kc6 a5 57. Kxb7 axb4 58. axb4 Ke7 59. Kc6 1-0

[Event "Madrid ch - Previa A"]
[Site "Madrid ESP"]
[Date "2007.11.02"]
[Round "1.4"]
[White "Gonzalez Ayuso, Gonzalo"]
[Black "Torralba Arias de Reyna, Alvaro"]
[Result "0-1"]
[WhiteElo "1821"]
[BlackElo "1984"]
[PlyCount "84"]
[EventDate "2007.11.01"]
[EventType "swiss"]
[EventRounds "9"]
[EventCountry "ESP"]
[Source "lmi"]
[SourceDate "2007.11.01"]

1. d4 Nf6 2. c4 g6 3. Nc3 d5 4. cxd5 Nxd5 5. e4 Nxc3 6. bxc3 Bg7 7. Nf3 c5 8.
Bc4 O-O 9. O-O Nc6 10. e5 Bg4 11. Be2 cxd4 12. Nxd4 Bxe2 13. Qxe2 Nxd4 14. cxd4
Qxd4 15. Bb2 Qb6 16. Rab1 Qe6 17. Ba3 b6 18. f4 f6 19. Rfe1 fxe5 20. fxe5 Rf5
21. Qe4 Rd8 22. Qb7 Rd7 23. Qc8+ Kf7 24. Qxd7 Qxd7 25. e6+ Qxe6 26. Rxe6 Bd4+
27. Kh1 Kxe6 28. Re1+ Re5 29. Rd1 Bc5 30. Bc1 Re2 31. Bd2 Kf5 32. a4 e5 33. h3
e4 34. Kh2 e3 35. Be1 Ke6 36. Kg1 Ra2 37. Rd8 Rxa4 38. Rh8 h5 39. Kf1 Ra2 40.
Bc3 Rc2 41. Bg7 e2+ 42. Ke1 Bb4+ 0-1

[Event "Madrid ch - Previa A"]
[Site "Madrid ESP"]
[Date "2007.11.02"]
[Round "1.5"]
[White "Martin Mazuelo, Miguel Angel"]
[Black "Sanchez Rodenas, Jose Antonio"]
[Result "1-0"]
[WhiteElo "1983"]
[BlackElo "1795"]
[PlyCount "83"]
[EventDate "2007.11.01"]
[EventType "swiss"]
[EventRounds "9"]
[EventCountry "ESP"]
[Source "lmi"]
[SourceDate "2007.11.01"]

1. e4 c6 2. d4 d5 3. exd5 cxd5 4. c4 Nf6 5. Nc3 e6 6. Nf3 Nc6 7. c5 Be7 8. Bd3
O-O 9. a3 b6 10. b4 bxc5 11. bxc5 Re8 12. O-O Bf8 13. Re1 Bd7 14. Bf4 Na5 15.
Nb5 Bxb5 16. Bxb5 Re7 17. c6 a6 18. c7 Qc8 19. Ba4 Nc4 20. Rb1 Rxc7 21. Bxc7
Qxc7 22. Qb3 Bxa3 23. Qb7 Qxb7 24. Rxb7 a5 25. Reb1 Bb4 26. Ne1 Ne4 27. Ra1 Nc3
28. Bb3 Nd2 29. Rxb4 Nxb3 30. Rxb3 Ne2+ 31. Kf1 Nxd4 32. Rba3 f6 33. Rxa5 Rc8
34. Ra8 Rxa8 35. Rxa8+ Kf7 36. f3 Kg6 37. Nd3 e5 38. Nb4 e4 39. f4 e3 40. Nxd5
Kf5 41. Re8 Ne6 42. Nxe3+ 1-0

[Event "Madrid ch - Previa A"]
[Site "Madrid ESP"]
[Date "2007.11.02"]
[Round "1.6"]
[White "Vazquez Moreno, Luis"]
[Black "Perez Martinez, Jose Manuel"]
[Result "0-1"]
[WhiteElo "1749"]
[BlackElo "1982"]
[PlyCount "102"]
[EventDate "2007.11.01"]
[EventType "swiss"]
[EventRounds "9"]
[EventCountry "ESP"]
[Source "lmi"]
[SourceDate "2007.11.01"]

1. e4 e6 2. d4 d5 3. Nc3 Nf6 4. Bg5 Be7 5. Bd3 dxe4 6. Nxe4 Nxe4 7. Bxe7 Nxf2
8. Bxd8 Nxd1 9. Rxd1 Kxd8 10. Nf3 f6 11. O-O Nd7 12. Bc4 Nb6 13. Bb3 Nd5 14.
Rfe1 c6 15. c4 Nb6 16. d5 cxd5 17. cxd5 e5 18. h3 Bd7 19. g4 h5 20. Re4 Rc8 21.
Kg2 hxg4 22. hxg4 Be8 23. Rb4 Rc5 24. g5 Bh5 25. gxf6 gxf6 26. Kf2 Bxf3 27.
Kxf3 Kc8 28. Kg4 Rd8 29. d6 Nd7 30. Kf5 Rh8 31. Be6 b6 32. Rg1 e4+ 33. Kf4 Re5
34. Rc4+ Kd8 35. Bxd7 Kxd7 36. Rc7+ Kxd6 37. Rxa7 Rh4+ 38. Ke3 Rh3+ 39. Ke2
Rh2+ 40. Ke3 Rxb2 41. Rd1+ Kc6 42. a4 Rb3+ 43. Ke2 e3 44. Rc1+ Kd6 45. Ra8 Rb2+
46. Ke1 Kd5 47. a5 Rh5 48. Rd8+ Ke4 49. Re8+ Kf3 50. Rxe3+ Kxe3 51. Rc3+ Kd4
0-1

[Event "Madrid ch - Previa A"]
[Site "Madrid ESP"]
[Date "2007.11.02"]
[Round "1.7"]
[White "Marcos Herrero, Francisco"]
[Black "Vicario Ramirez, Celestino"]
[Result "1-0"]
[WhiteElo "1940"]
[BlackElo "1724"]
[PlyCount "108"]
[EventDate "2007.11.01"]
[EventType "swiss"]
[EventRounds "9"]
[EventCountry "ESP"]
[Source "lmi"]
[SourceDate "2007.11.01"]

1. e4 c5 2. Nc3 e5 3. g3 d6 4. Bg2 Be7 5. d3 Nf6 6. Nh3 O-O 7. O-O Bd7 8. Bg5
Nc6 9. f4 Ne8 10. Bxe7 Qxe7 11. Nd5 Qd8 12. fxe5 dxe5 13. Qh5 h6 14. Kh1 Be6
15. Rf2 f6 16. Raf1 Bf7 17. Qd1 Be6 18. Ng1 Qd7 19. c4 Rd8 20. Ne2 Nd4 21. Nxd4
cxd4 22. b4 Rc8 23. a4 Kh8 24. Qb3 b6 25. Rc2 Qb7 26. Rfc1 Rf7 27. Qa3 Kh7 28.
c5 b5 29. Ra1 Rc6 30. Rca2 Ra6 31. Qb3 Bd7 32. a5 Bc6 33. Rf2 f5 34. Raf1 Nf6
35. Rxf5 Bd7 36. Nxf6+ Raxf6 37. Rxf6 Rxf6 38. Rxf6 gxf6 39. Qf7+ Kh8 40. Bh3
Bc6 41. Qxb7 Bxb7 42. Bd7 Kg7 43. c6 Ba6 44. c7 Kf8 45. c8=Q+ Bxc8 46. Bxc8 Ke7
47. Ba6 Ke6 48. Bxb5 f5 49. Bc4+ Kf6 50. exf5 Kxf5 51. b5 Kf6 52. Kg2 Ke7 53.
Kf3 Kd6 54. Ke4 Kc5 1-0

[Event "Madrid ch - Previa A"]
[Site "Madrid ESP"]
[Date "2007.11.02"]
[Round "1.8"]
[White "Benito Aragoneses, Miguel Angel"]
[Black "Sanz Esteban, Eduardo"]
[Result "1/2-1/2"]
[WhiteElo "1722"]
[BlackElo "1939"]
[PlyCount "55"]
[EventDate "2007.11.01"]
[EventType "swiss"]
[EventRounds "9"]
[EventCountry "ESP"]
[Source "lmi"]
[SourceDate "2007.11.01"]

1. d4 d5 2. c4 e6 3. Nc3 c5 4. Nf3 Nf6 5. Bg5 cxd4 6. Nxd4 Be7 7. e3 h6 8. Bh4
O-O 9. Be2 Nc6 10. Nxc6 bxc6 11. O-O Ba6 12. Qa4 Bb7 13. Bg3 Qb6 14. Qc2 Nd7
15. Rfd1 Ba6 16. a3 Rfd8 17. Na4 Qb7 18. b4 Bxc4 19. Bxc4 dxc4 20. Qxc4 a5 21.
Nc5 Nxc5 22. bxc5 Rxd1+ 23. Rxd1 Rd8 24. Bd6 Bxd6 25. cxd6 Kf8 26. f4 Qb6 27.
Kf2 c5 28. Rc1 1/2-1/2

[Event "Madrid ch - Previa A"]
[Site "Madrid ESP"]
[Date "2007.11.02"]
[Round "1.9"]
[White "Osorio Ramos, Francisco"]
[Black "Sánchez Rodajo, Pedro Luis"]
[Result "0-1"]
[WhiteElo "1925"]
[BlackElo "1717"]
[PlyCount "103"]
[EventDate "2007.11.01"]
[EventType "swiss"]
[EventRounds "9"]
[EventCountry "ESP"]
[Source "lmi"]
[SourceDate "2007.11.01"]

1. c4 e6 2. g3 Ne7 3. Bg2 g6 4. Nc3 Bg7 5. d4 d5 6. Nf3 O-O 7. O-O Nbc6 8. cxd5
exd5 9. e3 Bf5 10. Nh4 Be6 11. a3 a6 12. b4 b5 13. Bb2 Na7 14. Rc1 Nac8 15. Qb3
Nb6 16. Rfd1 Nc4 17. a4 c6 18. axb5 axb5 19. Ra1 Qd7 20. Ne2 f6 21. Nf3 Rfb8
22. Ra2 Nc8 23. Rda1 Rxa2 24. Rxa2 N8b6 25. Nc3 Bg4 26. Bc1 Be6 27. Nd2 f5 28.
Nxc4 Nxc4 29. Bf1 Qe7 30. Ra6 Rc8 31. Bxc4 dxc4 32. Qa3 Bf8 33. Na2 Bd5 34. Kf1
Qe4 35. h4 Qh1+ 36. Ke2 Bf3+ 37. Kd2 Qd1+ 38. Kc3 Qe1+ 39. Bd2 Qxf2 40. Ra8
Rxa8 41. Qxa8 Qxg3 42. Qd8 Bd5 43. Nc1 Qf3 44. Qb8 Qe4 45. Qh2 Qe7 46. Kc2 Be4+
47. Kd1 Qa7 48. Qe5 Bd5 49. Ke1 Qe7 50. Qg3 Qe4 51. Kf2 Be7 52. h5 0-1

[Event "Madrid ch - Previa A"]
[Site "Madrid ESP"]
[Date "2007.11.02"]
[Round "1.10"]
[White "Franco Rincon, David"]
[Black "Roman Rodriguez, Pablo"]
[Result "0-1"]
[WhiteElo "1713"]
[BlackElo "1916"]
[PlyCount "86"]
[EventDate "2007.11.01"]
[EventType "swiss"]
[EventRounds "9"]
[EventCountry "ESP"]
[Source "lmi"]
[SourceDate "2007.11.01"]

1. e4 e5 2. Nf3 Nc6 3. Bb5 a6 4. Ba4 Nf6 5. O-O b5 6. Bb3 Be7 7. Re1 d6 8. c3
Na5 9. Bc2 c5 10. d3 O-O 11. Nbd2 h6 12. Nf1 Nc6 13. Ng3 Be6 14. h3 Nh7 15. Be3
Qc7 16. a3 Rac8 17. Rc1 Rfd8 18. Qe2 d5 19. exd5 Bxd5 20. b3 Nf6 21. Bd2 Nd7
22. d4 f6 23. Qd3 Nf8 24. Qe3 c4 25. bxc4 Bxc4 26. dxe5 Nxe5 27. Nxe5 fxe5 28.
Ra1 Bg5 29. Qe4 Bxd2 30. Reb1 Bxc3 31. Nf5 Bxa1 32. Qg4 Bd3 33. Bxd3 Rxd3 34.
Nxh6+ Kh8 35. Nf5 Rxa3 36. Rd1 Ra4 37. Qg5 Nh7 38. Qg6 e4 39. g3 Bf6 40. Nd6
Rf8 41. Kg2 Rd4 42. Ne8 Qd8 43. Rxd4 Bxd4 0-1

[Event "Madrid ch - Previa A"]
[Site "Madrid ESP"]
[Date "2007.11.02"]
[Round "1.11"]
[White "Hernandez del Can, Jose"]
[Black "Martin Calero, Jorge"]
[Result "1-0"]
[WhiteElo "1914"]
[BlackElo "1708"]
[PlyCount "85"]
[EventDate "2007.11.01"]
[EventType "swiss"]
[EventRounds "9"]
[EventCountry "ESP"]
[Source "lmi"]
[SourceDate "2007.11.01"]

1. c4 c5 2. g3 g6 3. Bg2 Bg7 4. Nf3 Nf6 5. Nc3 O-O 6. d4 cxd4 7. Nxd4 Nc6 8.
O-O Qc7 9. Nxc6 dxc6 10. Qc2 Bf5 11. e4 Be6 12. b3 Qa5 13. Bb2 Qh5 14. f3 Rfd8
15. Rad1 Bh3 16. Rxd8+ Rxd8 17. Rd1 Qc5+ 18. Kh1 Bxg2+ 19. Kxg2 Rd6 20. Nb1 Nd7
21. Ba3 Qe5 22. Bxd6 exd6 23. Qd2 Bf8 24. Qd4 Qa5 25. a3 Ne5 26. f4 c5 27. Qd2
Qxd2+ 28. Rxd2 Nc6 29. Rd3 Nd4 30. Nd2 Nc2 31. Kf2 Nxa3 32. Nf3 b5 33. cxb5
Nxb5 34. e5 dxe5 35. Nxe5 Nd4 36. Kg2 Be7 37. b4 Nf5 38. Rd7 Bf8 39. Rxa7 cxb4
40. Rxf7 Bd6 41. Rb7 Ne7 42. Nc4 Bc5 43. Rb5 1-0

[Event "Madrid ch - Previa A"]
[Site "Madrid ESP"]
[Date "2007.11.02"]
[Round "1.12"]
[White "Arias de Reyna Martinez, Francisco"]
[Black "Redondo Garcia, Jose Luis"]
[Result "0-1"]
[WhiteElo "1665"]
[BlackElo "1909"]
[PlyCount "102"]
[EventDate "2007.11.01"]
[EventType "swiss"]
[EventRounds "9"]
[EventCountry "ESP"]
[Source "lmi"]
[SourceDate "2007.11.01"]

1. e4 c5 2. Nf3 a6 3. d4 cxd4 4. Nxd4 b5 5. Be3 Bb7 6. Bd3 e6 7. O-O Nf6 8. Nd2
Be7 9. N4b3 d6 10. Rc1 Nc6 11. f4 Nb4 12. a3 Nxd3 13. cxd3 O-O 14. Nd4 Rc8 15.
N2b3 Rxc1 16. Qxc1 Ng4 17. Bd2 Qb6 18. h3 Nf6 19. Be3 Qd8 20. Nc6 Qd7 21. Nxe7+
Qxe7 22. Qd2 Rc8 23. Rc1 Rxc1+ 24. Qxc1 h6 25. Qc3 Qd7 26. Bb6 Ne8 27. Na5 f6
28. Nxb7 Qxb7 29. Be3 Kh7 30. Kh2 e5 31. f5 d5 32. Qb4 dxe4 33. dxe4 Qc6 34.
Bc5 a5 35. Qc3 Qxe4 36. Qxa5 Qf4+ 37. g3 Qc4 38. Qd8 Qxc5 39. Qxe8 Qf2+ 40. Kh1
Qxf5 41. Qxb5 Qxh3+ 42. Kg1 Qxg3+ 43. Kf1 Qf3+ 44. Kg1 e4 45. Qf1 Qe3+ 46. Kh1
Qg5 47. a4 e3 48. Qd3+ f5 49. a5 Qh4+ 50. Kg1 Qf2+ 51. Kh1 e2 0-1

[Event "Madrid ch - Previa A"]
[Site "Madrid ESP"]
[Date "2007.11.02"]
[Round "1.13"]
[White "Merino Araguas, Jose Javier"]
[Black "Pintado Luna, Julian"]
[Result "0-1"]
[WhiteElo "1909"]
[BlackElo "1979"]
[PlyCount "71"]
[EventDate "2007.11.01"]
[EventType "swiss"]
[EventRounds "9"]
[EventCountry "ESP"]
[Source "lmi"]
[SourceDate "2007.11.01"]

1. d4 Nf6 2. c4 e6 3. Nc3 Bb4 4. a3 Bxc3+ 5. bxc3 O-O 6. e3 d6 7. Bd3 b6 8. Ne2
Bb7 9. f3 Nbd7 10. O-O c5 11. e4 Qc7 12. Be3 Rac8 13. Rc1 d5 14. e5 Ne8 15.
cxd5 c4 16. Bc2 Bxd5 17. Qe1 Qd8 18. Qg3 g6 19. Bh6 Ng7 20. Nf4 f6 21. Nxg6
hxg6 22. Qxg6 Rf7 23. Qh7+ Kf8 24. Bg6 Qe8 25. Bxg7+ Ke7 26. Bxf6+ Nxf6 27.
exf6+ Kxf6 28. Qxf7+ Qxf7 29. Bxf7 Kxf7 30. Rce1 Rc6 31. f4 Kf6 32. Re5 b5 33.
f5 Ke7 34. fxe6 Rd6 35. Rf7+ Ke8 36. Rd7 0-1

[Event "Madrid ch - Previa A"]
[Site "Madrid ESP"]
[Date "2007.11.02"]
[Round "1.14"]
[White "González Márquez, Jorge"]
[Black "García Salamero, Gabriel"]
[Result "1/2-1/2"]
[WhiteElo "1928"]
[BlackElo "1895"]
[PlyCount "97"]
[EventDate "2007.11.01"]
[EventType "swiss"]
[EventRounds "9"]
[EventCountry "ESP"]
[Source "lmi"]
[SourceDate "2007.11.01"]

1. e4 e5 2. Nf3 Nf6 3. Nc3 Nc6 4. d4 exd4 5. Nxd4 Bb4 6. Nxc6 bxc6 7. Bg5 Bxc3+
8. bxc3 h6 9. Bxf6 Qxf6 10. Qd4 Qg5 11. h4 Qg6 12. Rh3 f6 13. Rg3 Qf7 14. Bc4
Qe7 15. Kf1 a5 16. Re1 Kd8 17. e5 Re8 18. Rge3 f5 19. e6 d6 20. Re5 Rf8 21. Bd3
g6 22. h5 Ke8 23. Qa4 dxe5 24. Qxc6+ Kd8 25. Qxa8 Qxe6 26. Qxa5 e4 27. Qb4 Rf6
28. Bc4 Qd6 29. hxg6 Rxg6 30. Be2 Ba6 31. Qd4 Ke7 32. Qb4 c5 33. Qa5 Bxe2+ 34.
Kxe2 Rxg2 35. Rd1 Rxf2+ 36. Kxf2 Qxd1 37. Qxc5+ Ke6 38. Qc4+ Qd5 39. Qb3 Ke5
40. Qb8+ Qd6 41. Qh8+ Kf4 42. Qd4 Qxd4+ 43. cxd4 e3+ 44. Ke2 h5 45. d5 Ke5 46.
Kxe3 Kxd5 47. Kf4 h4 48. Kf3 Kc4 49. Kf4 1/2-1/2

[Event "Madrid ch - Previa A"]
[Site "Madrid ESP"]
[Date "2007.11.02"]
[Round "1.15"]
[White "Ruiz Quevedo, Andrés"]
[Black "Navas Jiménez, Julián"]
[Result "1/2-1/2"]
[WhiteElo "1893"]
[BlackElo "1901"]
[PlyCount "83"]
[EventDate "2007.11.01"]
[EventType "swiss"]
[EventRounds "9"]
[EventCountry "ESP"]
[Source "lmi"]
[SourceDate "2007.11.01"]

1. c4 Nf6 2. Nc3 e5 3. g3 d5 4. cxd5 Nxd5 5. Bg2 Nb6 6. Nf3 Nc6 7. O-O Be7 8.
d3 O-O 9. Be3 Be6 10. a3 f6 11. Re1 Rb8 12. Ne4 Nd4 13. Bxd4 exd4 14. Rc1 c6
15. Nc5 Bxc5 16. Rxc5 Qd6 17. b4 a6 18. Qa1 Rbd8 19. a4 Bb3 20. a5 Nd7 21. Qb2
Bf7 22. Rcc1 Ne5 23. Nd2 Rfe8 24. Ne4 Qb8 25. h3 Kh8 26. Nc5 Bd5 27. Ne4 Nf7
28. Rc5 Bxe4 29. Bxe4 Nd6 30. Bf3 Nb5 31. Qb3 Qd6 32. Qf7 Qe7 33. Qh5 g6 34.
Qh6 Qg7 35. Qf4 Re7 36. h4 Rde8 37. h5 g5 38. Qg4 h6 39. Rc4 Rd8 40. Kg2 Re5
41. Be4 Qd7 42. Qxd7 1/2-1/2

[Event "Madrid ch - Previa A"]
[Site "Madrid ESP"]
[Date "2007.11.02"]
[Round "1.16"]
[White "Mosteiro Montoro, Alvaro"]
[Black "Gallo Restrepo, German"]
[Result "1/2-1/2"]
[WhiteElo "1870"]
[BlackElo "1891"]
[PlyCount "95"]
[EventDate "2007.11.01"]
[EventType "swiss"]
[EventRounds "9"]
[EventCountry "ESP"]
[Source "lmi"]
[SourceDate "2007.11.01"]

1. d4 Nf6 2. c4 g6 3. Nc3 d5 4. Nf3 Bg7 5. e3 a6 6. Be2 O-O 7. O-O Bg4 8. cxd5
Nxd5 9. Nxd5 Qxd5 10. Nd2 Bxe2 11. Qxe2 e5 12. dxe5 Qxe5 13. Rb1 Nc6 14. Nf3
Qd5 15. b3 Qa5 16. a3 Rad8 17. Bb2 f6 18. Rfd1 Qb5 19. Qxb5 axb5 20. Nd4 f5 21.
Ba1 Nxd4 22. Bxd4 Bxd4 23. Rxd4 Rxd4 24. exd4 Rd8 25. Rd1 c5 26. d5 Kf7 27. Kf1
Kf6 28. f4 Rd6 29. Ke2 Ke7 30. Kf3 Ra6 31. Ra1 Kd6 32. Ke3 Kxd5 33. a4 bxa4 34.
bxa4 Ra5 35. g3 Kc6 36. Kd3 b5 37. axb5+ Rxb5 38. Ra7 Rb7 39. Ra6+ Kb5 40. Ra2
Rd7+ 41. Kc3 Re7 42. Rb2+ Kc6 43. Ra2 Re3+ 44. Kc4 Re4+ 45. Kd3 Kb7 46. Ra5 Kb6
47. Ra2 h5 48. Ra8 1/2-1/2

[Event "Madrid ch - Previa A"]
[Site "Madrid ESP"]
[Date "2007.11.02"]
[Round "1.17"]
[White "Valderrama Arroyo, Victor"]
[Black "Ortiz Berruguete, Adrian"]
[Result "1-0"]
[WhiteElo "1891"]
[BlackElo "1737"]
[PlyCount "101"]
[EventDate "2007.11.01"]
[EventType "swiss"]
[EventRounds "9"]
[EventCountry "ESP"]
[Source "lmi"]
[SourceDate "2007.11.01"]

1. d4 d5 2. c4 e6 3. Nc3 Nf6 4. Nf3 Be7 5. e3 c5 6. cxd5 Nxd5 7. Nxd5 Qxd5 8.
b3 Nc6 9. Bc4 Qd8 10. Bb2 cxd4 11. Nxd4 Bf6 12. Nxc6 Qxd1+ 13. Rxd1 bxc6 14.
Bxf6 gxf6 15. Ke2 Ke7 16. Rd2 Bb7 17. Rhd1 Rad8 18. Rxd8 Rxd8 19. Rxd8 Kxd8 20.
g4 Ke7 21. b4 a6 22. Bd3 h6 23. f4 Kd6 24. h4 e5 25. Bf5 c5 26. g5 fxg5 27.
fxg5 hxg5 28. bxc5+ Ke7 29. hxg5 Bd5 30. a3 Kd8 31. Kd3 Kc7 32. Be4 Ba2 33. Ke2
Be6 34. Kf3 a5 35. Kg3 Kd7 36. Ba8 Kc7 37. c6 Kb8 38. Bb7 Kc7 39. Kh4 Bd5 40.
Kg4 Be6+ 41. Kh5 Bf5 42. Kh6 Bg6 43. Kg7 e4 44. Kf6 Kd6 45. Ba8 Kc7 46. Ke5 Bh7
47. Kd5 Bf5 48. Kc5 Be6 49. Kb5 Bd5 50. a4 Kb8 51. c7+ 1-0

[Event "Madrid ch - Previa A"]
[Site "Madrid ESP"]
[Date "2007.11.02"]
[Round "1.18"]
[White "Garcia Donoso, Alberto"]
[Black "Gonzalez Recas, Fernando"]
[Result "0-1"]
[WhiteElo "1723"]
[BlackElo "1888"]
[PlyCount "45"]
[EventDate "2007.11.01"]
[EventType "swiss"]
[EventRounds "9"]
[EventCountry "ESP"]
[Source "lmi"]
[SourceDate "2007.11.01"]

1. e4 d6 2. d4 Nf6 3. Nd2 g6 4. Ngf3 c6 5. c3 Qc7 6. Bd3 Bg7 7. Nf1 Nbd7 8. h3
O-O 9. Be3 Re8 10. Ng3 b6 11. Qc2 c5 12. b3 Bb7 13. d5 e6 14. c4 exd5 15. exd5
Nxd5 16. Rc1 Nxe3 17. fxe3 Bh6 18. Nf1 Nf6 19. Kd1 Rad8 20. Qf2 d5 21. cxd5
Nxd5 22. Kc2 Nb4+ 23. Kb1 0-1

[Event "Madrid ch - Previa A"]
[Site "Madrid ESP"]
[Date "2007.11.02"]
[Round "1.19"]
[White "Collado Barbas, Alberto"]
[Black "Rollano Carcajona, Ruben"]
[Result "1/2-1/2"]
[WhiteElo "1886"]
[BlackElo "1716"]
[PlyCount "51"]
[EventDate "2007.11.01"]
[EventType "swiss"]
[EventRounds "9"]
[EventCountry "ESP"]
[Source "lmi"]
[SourceDate "2007.11.01"]

1. d4 Nf6 2. Nf3 g6 3. c4 Bg7 4. Nc3 O-O 5. e4 d6 6. Be3 Nbd7 7. Nd2 e5 8. d5
Nh5 9. g4 Nf4 10. h4 Nf6 11. Bxf4 exf4 12. g5 Ng4 13. Be2 Ne5 14. Nf3 f6 15.
Nxe5 fxe5 16. Bg4 Bd7 17. Bxd7 Qxd7 18. f3 a6 19. Qe2 Rf7 20. b4 Rb8 21. a4 c6
22. a5 Bf8 23. Na4 Be7 24. Nb6 Qe8 25. Qf2 Bd8 26. Na4 1/2-1/2

[Event "Madrid ch - Previa A"]
[Site "Madrid ESP"]
[Date "2007.11.02"]
[Round "1.20"]
[White "Argüelles Dominguez, Ruben"]
[Black "Cañas Muñoz, Oscar"]
[Result "0-1"]
[WhiteElo "1662"]
[BlackElo "1862"]
[PlyCount "72"]
[EventDate "2007.11.01"]
[EventType "swiss"]
[EventRounds "9"]
[EventCountry "ESP"]
[Source "lmi"]
[SourceDate "2007.11.01"]

1. d4 d5 2. c4 Nf6 3. Nc3 e6 4. Nf3 Bb4 5. Bg5 h6 6. Bh4 c5 7. Bxf6 Qxf6 8. e3
Nc6 9. cxd5 exd5 10. Be2 Bf5 11. O-O Bxc3 12. bxc3 c4 13. Qa4 a6 14. Qa3 Qe7
15. Qxe7+ Kxe7 16. Nd2 b5 17. Bf3 Kd6 18. e4 dxe4 19. Bxe4 Bxe4 20. Nxe4+ Kd5
21. f3 b4 22. Rfd1 f5 23. Ng3 g6 24. Ne2 g5 25. Kf2 Rhe8 26. Rac1 a5 27. h3 f4
28. Rd2 Re3 29. Rdc2 Rae8 30. Rd1 R8e6 31. Re1 Ne7 32. g4 fxg3+ 33. Kxg3 Rf6
34. Rf1 Rd3 35. Kg2 Nf5 36. f4 Ne3+ 0-1

[Event "Madrid ch - Previa A"]
[Site "Madrid ESP"]
[Date "2007.11.03"]
[Round "2.1"]
[White "Redondo Garcia, Jose Luis"]
[Black "Esquivias Gomez, Francisco J"]
[Result "1/2-1/2"]
[WhiteElo "1909"]
[BlackElo "2021"]
[PlyCount "59"]
[EventDate "2007.11.01"]
[EventType "swiss"]
[EventRounds "9"]
[EventCountry "ESP"]
[Source "lmi"]
[SourceDate "2007.11.01"]

1. c4 e5 2. Nc3 Nc6 3. a3 a5 4. e3 f5 5. g3 Nf6 6. Bg2 Bc5 7. Nge2 e4 8. d4
exd3 9. Qxd3 d6 10. Bxc6+ bxc6 11. Nd4 Bxd4 12. Qxd4 O-O 13. O-O Qe8 14. f3 Bb7
15. Qd3 Qh5 16. e4 fxe4 17. Nxe4 Nxe4 18. Qxe4 Rae8 19. Qd3 c5 20. Bf4 g5 21.
g4 Qh6 22. Bg3 Qg7 23. b3 Rxf3 24. Rxf3 Qxa1+ 25. Rf1 Qb2 26. Bf2 Be4 27. Qg3
Rf8 28. Qe3 Bg6 29. Qxg5 Qc2 30. h4 1/2-1/2

[Event "Madrid ch - Previa A"]
[Site "Madrid ESP"]
[Date "2007.11.03"]
[Round "2.2"]
[White "Cabañas Bravo, Juan Andrés"]
[Black "Hernández del Can, José"]
[Result "1-0"]
[WhiteElo "2004"]
[BlackElo "1914"]
[PlyCount "117"]
[EventDate "2007.11.01"]
[EventType "swiss"]
[EventRounds "9"]
[EventCountry "ESP"]
[Source "lmi"]
[SourceDate "2007.11.01"]

1. e4 c5 2. Nf3 d6 3. d4 cxd4 4. Nxd4 Nf6 5. Nc3 a6 6. Bg5 e6 7. f4 Nbd7 8. Bc4
h6 9. Bh4 Qa5 10. Qd2 Qh5 11. g3 Be7 12. Bxe6 Nc5 13. Bxc8 Rxc8 14. Nf5 Kf8 15.
Bxf6 Bxf6 16. Qxd6+ Kg8 17. Nd5 Nxe4 18. Nxf6+ Nxf6 19. Ne7+ Kh7 20. Qd3+ g6
21. Nxc8 Re8+ 22. Kf1 Qh3+ 23. Kg1 Qxc8 24. Qc3 Qe6 25. Rd1 Ng4 26. h3 Qb6+ 27.
Rd4 Rd8 28. hxg4 Rxd4 29. Kg2 Qd6 30. Rf1 Qd5+ 31. Kf2 Rd2+ 32. Ke3 Rd1 33.
Rxd1 Qxd1 34. Qb3 Kg7 35. Qc3+ Kg8 36. Qc8+ Kg7 37. Qxb7 Qxg4 38. Kf2 Qe6 39.
Qb3 Qh3 40. c4 Qh2+ 41. Kf3 Qh1+ 42. Ke3 Qg1+ 43. Ke4 Qg2+ 44. Kd4 Qc6 45. c5
h5 46. Qd5 Qa4+ 47. Kc3 Qa5+ 48. b4 Qa3+ 49. Qb3 Qc1+ 50. Kd4 Qd2+ 51. Ke5 Qd7
52. Qd5 Qe7+ 53. Kd4 f6 54. Qd6 Qb7 55. c6 Qb6+ 56. Kd5 Qb5+ 57. Ke6 Qe2+ 58.
Kd7 Qg4+ 59. Kd8 1-0

[Event "Madrid ch - Previa A"]
[Site "Madrid ESP"]
[Date "2007.11.03"]
[Round "2.3"]
[White "Gonzalez Recas, Fernando"]
[Black "Tejedor Ariza, Francisco"]
[Result "0-1"]
[WhiteElo "1888"]
[BlackElo "1987"]
[PlyCount "62"]
[EventDate "2007.11.01"]
[EventType "swiss"]
[EventRounds "9"]
[EventCountry "ESP"]
[Source "lmi"]
[SourceDate "2007.11.01"]

1. e4 c5 2. Nf3 e6 3. d4 cxd4 4. Nxd4 Nf6 5. Bd3 Nc6 6. Be3 d5 7. Nxc6 bxc6 8.
exd5 cxd5 9. O-O Bd6 10. Nd2 O-O 11. Nb3 Qc7 12. h3 e5 13. c3 Bb7 14. Rc1 a5
15. a3 Qc6 16. Be2 Ne4 17. Nd2 Nxd2 18. Bxd2 f5 19. f3 Bc5+ 20. Kh1 Rf6 21. b4
Bb6 22. c4 d4 23. c5 Bd8 24. b5 Qe8 25. c6 Bc8 26. c7 Be7 27. Bc4+ Kh8 28. Bd5
Ra7 29. Qb3 Rb6 30. a4 Bd6 31. Bc6 Qe7 0-1